00654nam a22001817a 450000500170000001000150001702000310003203500140006303700090007708200180008610000200010424501170012426000570024127001170029830000200041570000160043570000210045120211229102851.0 aENG-130244 a978-81-316-1145-6c1395.00 aEN-113776 bDBAD a371.826940954 aShah, Ghanshyam aEducational Status of Scheduled Castes:bAttainment and Challenges:cGhanshyam Shah, K. Sujatha, Sukhadeo Thorat aChennaibWestland Publications Private Limitedc2019 a1st Floor, A Block, East Wing, Plot No. 40, SP Infocity, Dr MGR Salai, Perungudi, KandanchavadibChennaie600096 a352pc24cm(hbk) aSujatha, K. aThorat, Sukhadeo